| 000 | 00768nam a2200217 a 4500 | ||
|---|---|---|---|
| 001 | 000011717 | ||
| 005 | 20200929162533.0 | ||
| 008 | 091026s1999 pn a 000 0 spa d | ||
| 020 | _a9962812011 | ||
| 040 |
_aDO-SdBNP _bspa _cBNPHU |
||
| 082 |
_aP864.44 _bR586r |
||
| 100 | 1 |
_aRíos Torres, Ricardo Arturo, _d1935- _927765 |
|
| 245 | 1 | 4 |
_aLos rostros del tiempo / _cRicardo Arturo Ríos Torres, Luis Felipe Ríos Torres ; prólogo, Emma Gómez de Blanco. |
| 260 |
_aPanamá : _bCírculo de Lectura de la USMA, _c1999. |
||
| 300 |
_a157 P. : _bil. ; _c21 cm. |
||
| 650 | 4 |
_aEnsayos peruanos _920754 |
|
| 650 | 4 |
_aLiteratura peruana _ySIGLO XX _914789 |
|
| 700 | 1 |
_aRíos Torres, Luis Felipe _927766 |
|
| 700 | 1 |
_aGómez de Blanco, Emma, _epról. _927767 |
|
| 049 | _aBNGR | ||
| 999 |
_c11392 _d11392 |
||